| 000 | 00589cam a2200193 4500500 | ||
|---|---|---|---|
| 005 | 20260329002751.0 | ||
| 041 | _afre | ||
| 042 | _adc | ||
| 100 | 1 | 0 |
_ade Groot van Embden, Margot _eauthor |
| 245 | 0 | 0 | _aJacques Derrida: la déconstruction |
| 260 | _c2013. | ||
| 500 | _a72 | ||
| 690 | _aDéconstruction | ||
| 690 | _aDerrida | ||
| 690 | _aFrédéric Neyrat | ||
| 690 | _aSpectre | ||
| 786 | 0 | _nPhilosophie magazine | 72 | 9 | 2013-09-01 | p. 39-41 | 1951-1787 | |
| 856 | 4 | 1 | _uhttps://shs.cairn.info/magazine-philosophie-magazine-2013-9-page-39?lang=fr&redirect-ssocas=7080 |
| 999 |
_c1818162 _d1818162 |
||